The Equilibrium Manifold / (Record no. 616739)

MARC details
000 -LEADER
fixed length control field 00574nam a2200169Ia 4500
008 - FIXED-LENGTH DATA ELEMENTS--GENERAL INFORMATION
fixed length control field 260302s9999 xx 000 0 und d
020 ## - INTERNATIONAL STANDARD BOOK NUMBER
ISBN 9780262026543
082 ## - DEWEY DECIMAL CLASSIFICATION NUMBER
Classification number 339.5
Item number BAL
100 ## - MAIN ENTRY--AUTHOR NAME
Personal name Balasko, Yves
245 #0 - TITLE STATEMENT
Title The Equilibrium Manifold /
Statement of responsibility, etc Balasko, Yves
260 ## - PUBLICATION, DISTRIBUTION, ETC. (IMPRINT)
Name of publisher MIT Press (MA),
Year of publication 2009
300 ## - PHYSICAL DESCRIPTION
Number of Pages 225 pages
520 ## - SUMMARY, ETC.
Summary, etc A leading scholar in the field presents post-1970s developments in the theory ofgeneral equilibrium, unified by the concept of equilibrium manifold.
650 ## - SUBJECT ADDED ENTRY--TOPICAL TERM
Topical Term Business & Economics
942 ## - ADDED ENTRY ELEMENTS (KOHA)
Koha item type English Books
Holdings
Withdrawn status Lost status Damaged status Not for loan Home library Current library Shelving location Date acquired Full call number Accession Number Price effective from Koha item type
        Anna Centenary Library Anna Centenary Library 4TH FLOOR, A WING 02.03.2026 339.5 BAL 462880 02.03.2026 English Books

Find us on the map